N'oubliez pas les paroles ! #2 - Statistiques

Statistiques générales
  • Ce quiz a été pris 149 fois
    117 depuis la dernière actualisation
  • Le résultat moyen est 4 sur 10
Statistiques - réponses
Chansons Chanteurs Paroles précédentes Paroles à trouver % Correct
Je t'emmene au vent Louise Attaque
Notre amour est éternel
Et pas artificiel
Je voudrais que tu m'appelles plus souvent
Que tu prennes parfois les devants Et je voudrais que tu te... (5 mots)
Rappelles, notre amour est éternel
80%
Sensualité Axelle Red J'aime j'aime tes yeux, j'aime ton odeur, tous tes gestes en douceur lentement dirigés. Sensualité. Oh stop un instant
J'aimerais que ce moment
Fixe pour... (6 mots)
Des tas d'années Ta sensualité
60%
Le Temps des Cathédrales Bruno Pelletier Nous les artistes anonymes
De la sculpture ou de la rime
Tenterons de vous la transcrire
Pour les siècles à venir
Il est venu le temps des cathédrales
Le monde est... (5 mots)
Entré
Dans un nouveau millénaire
52%
La Tribu de Dana Manau
Akim, le fils du forgeron est venu me chercher,
Les druides ont décidé de mener le combat dans la vallée. Là où tous nos ancêtres De géants guerriers celtes, après de grandes batailles... (5 mots)
Se sont imposés en maîtres.
45%
La Corrida Francis Cabrel Depuis le temps que je patiente Dans cette chambre noire J’entends qu’on s’amuse et qu’... (6 mots) On chante Au bout du couloir.
41%
Allumer le feu Johnny Hallyday Sentir le vent qui se déchaîne
Battre le sang dans nos veines
Monter le son des guitares
Et le bruit des motos qui démarrent Il suffira d'... (8 mots)
Une étincelle, D'un rien, d'un geste
36%
Le Paradis Blanc Michel Berger Il n'y aura plus d'abonné
Et plus d'idée
Que le silence pour respirer
Recommencer là où le monde a commencé Je m'en... (6 mots)
Irai dormir dans le paradis blanc
35%
Qui a le droit ? Patrick Bruel On m'avait dit : "Faut écouter son père."
Le mien a rien dit, quand il s'est fait la paire.
Maman m'a dit : "T'es trop p'tit pour comprendre."
Et j'ai grandi avec une place à prendre. Qui a le droit, qui a le droit... (7 mots)
Qui a le droit d' faire ça
32%
Déjeuner en paix Stephan Eicher Elle prend son café en riant
Elle me regarde à peine
Plus rien ne la surprend sur la nature humaine C'est pourquoi elle voudrait enfin si... (6 mots)
Je le permets Déjeuner en paix,
28%
J'irai où tu iras Céline Dion Des caravanes et des voyages comme sur les dépliants
Va pour tes cocotiers tes rivages
Va pour tes lagons tout bleu balançant J'habite où l'amour est un... (6 mots)
Village, là où l'on m'attend
23%
Aucun quiz correspondant
Distribution des résultats
% des personnes avec chaque résultat
Percentile par nombre de réponses
Votre historique - résultats
Vous n’avez pas pris ce quiz depuis la dernière actualisation